| 000 | 00699nam a2200205 u 4500 | ||
|---|---|---|---|
| 005 | 20230223063537.0 | ||
| 008 | 090921s2008 r 000 0 eng d | ||
| 020 | _a9789708103978 | ||
| 035 | _aUPN01000172418 | ||
| 049 | _aCG | ||
| 050 | 4 |
_aJL1292 _bC7.4 |
|
| 100 | 1 |
_aCrespo, José Antonio, _d1955- _943015 |
|
| 245 | 1 | 0 |
_a2006 : _bhablan las actas : las debilidades de la autoridad electoral mexicana / _cJosé Antonio Crespo. |
| 260 |
_aMéxico : _bDebate, _c2008. |
||
| 300 |
_a232 p. : _bcuadros |
||
| 650 | 4 |
_aPRESIDENTES - _zMEXICO - _xELECCION - _y2006 _95571 |
|
| 651 | 2 |
_aMéxico _xPolítica y gobierno _ySiglo XXI _910456 |
|
| 610 | 2 | 4 | _aINSTITUTO FEDERAL ELECTORAL (MEXICO) |
| 905 | _aLibro | ||
| 999 |
_c144522 _d144522 |
||